000 00320nam a22001457a 4500
003 SGT
082 _a612
_bL09R
100 _aRANADE,V.G
245 _aLABORATORY MANUAL & JOURNAL OF PHYSIOLOGY
250 _a1ST
260 _aPUNE
_bPUNE VIDYARTHI GRIHA
_c2009
300 _a305
650 _aPHYSIOLOGY
942 _2ddc
_cBK
999 _c9624
_d9624